Vainqueurs du Tournoi des Six Nations. (2000 - …) - Statistiques

Statistiques générales
  • Ce quiz a été pris 2 437 fois
    128 depuis la dernière actualisation
  • Le résultat moyen est 18 sur 27
Statistiques - réponses
Année Vainqueur % Correct
2000 Angleterre
87%
2002 France
81%
2026 France
79%
2001 Angleterre
79%
2003 Angleterre (TC)
77%
2004 France
76%
2025 France
74%
2024 Irlande
73%
2006 France
72%
2007 France
70%
2005 Pays de Galles (TC)
69%
2010 France
68%
2022 France
67%
2023 Irlande (TC)
67%
2009 Irlande (TC)
64%
2008 Pays de Galles (TC)
63%
2011 Angleterre
62%
2021 Pays de Galles (TC)
61%
2014 Irlande
60%
2012 Pays de Galles (TC)
59%
2015 Irlande
59%
2020 Angleterre (TC)
59%
2018 Irlande (TC)
58%
2016 Angleterre (TC)
56%
2019 Pays de Galles (TC)
55%
2017 Angleterre
55%
2013 Pays de Galles
53%
Aucun quiz correspondant
Distribution des résultats
% des personnes avec chaque résultat
Percentile par nombre de réponses
Votre historique - résultats
Vous n’avez pas pris ce quiz depuis la dernière actualisation